The book of laughter and forgetting /

Hlavní autor: Kundera, Milan, 1929-2023
Další autoři: Asher, Aaron, 1929-2008
Jazyk: Angličtina
Vydáno: London : Faber & Faber, 2019
Vydání: Paperback edition first published
Témata:
Fyzický popis: 7 nečíslovaných stran, 312 stran ; 20 cm
Knihy
Uloženo v:
LEADER 01612nam a2200397 i 4500
001 001849678
003 CZ BrMZK
005 20240415090857.0
007 ta
008 180815s2019 xxk g 000 f eng
020 |a 978-0-571-35773-4  |q (brožováno) 
040 |a BOA001  |b cze  |e rda 
041 1 |a eng  |k fre  |h cze 
072 7 |a 821.162.3-3  |x Česká próza  |2 Konspekt  |9 25 
080 |a 821.162.3-31  |2 MRF 
080 |a (0:82-31)  |2 MRF 
100 1 |a Kundera, Milan,  |d 1929-2023  |7 jk01070894  |4 aut 
240 1 0 |a Kniha smíchu a zapomnění.  |l Anglicky  |7 aun2008434757 
245 1 4 |a The book of laughter and forgetting /  |c Milan Kundera ; translated from the Czech by Aaron Asher 
250 |a Paperback edition first published 
264 1 |a London :  |b Faber & Faber,  |c 2019 
300 |a 7 nečíslovaných stran, 312 stran ;  |c 20 cm 
336 |a text  |b txt  |2 rdacontent 
337 |a bez média  |b n  |2 rdamedia 
338 |a svazek  |b nc  |2 rdacarrier 
500 |a Přeloženo z francouzského překladu českého originálu 
500 |a V roce 2021 dotisk 
655 7 |a české romány  |7 fd133974  |2 czenas 
655 9 |a Czech fiction  |2 eczenas 
700 1 |a Asher, Aaron,  |d 1929-2008  |7 xx0096978  |4 trl 
765 0 8 |i Název francouzského překladu:  |t Livre du rire et de l'oubli  |9 Anglicky 
910 |a BOA001  |b KMK-0000.429 
990 |a BK 
991 |b 202303 
996 6 |b 261K000618  |c KMK-0000.429  |l MZK  |r K. M. Kundery - 1. patro  |n 0  |p dar  |h B/05-02.C,011  |w 001917574  |u 000010  |a 0  |e BOA001  |j MZK50  |s P 
996 6 |b 261K000619  |c KMK-0000.429  |l MZK  |r K. M. Kundery - 1. patro  |n 0  |p dar  |h B/05-02.C,012  |w 001917574  |u 000020  |a 0  |e BOA001  |j MZK50  |s P